Ο πύργος
Saved in:
| Main Author: | |
|---|---|
| Other Authors: | |
| Format: | Book |
| Language: | Greek |
| Published: |
Αθήνα :
Κέδρος,
1995.
|
| Series: | Ξένη πεζογραφία (Κέδρος)
|
| Subjects: | |
| Tags: |
Add Tag
No Tags, Be the first to tag this record!
|
MARC
| LEADER | 00000cam a2200000 i 4500 | ||
|---|---|---|---|
| 001 | 1/70882 | ||
| 008 | 980521s1995 gr | ||| |||| ||gre|| | ||
| 020 | |a 9600410429 | ||
| 035 | |l 10030782 | ||
| 040 | |a GR-MyUa |b gre |e AACR2 | ||
| 041 | 0 | |a gre | |
| 082 | 7 | |a 833.912 |2 (22) | |
| 100 | 1 | |a Kafka, Franz, |d 1883-1924. | |
| 245 | 1 | 2 | |a Ο πύργος / |c Φραντς Κάφκα ; μετάφραση Αλέξανδρος Κοτζιάς. |
| 260 | |a Αθήνα : |b Κέδρος, |c 1995. | ||
| 300 | |a 373 σ. ; |c 21 εκ. | ||
| 490 | 1 | |a (Ξένη πεζογραφία / Κέδρος) | |
| 500 | |a Τίτλος πρωτοτύπου: Das Schloss. | ||
| 650 | 0 | |a German fiction |y 20th century. | |
| 700 | 1 | |a Κοτζιάς, Αλέξανδρος, |d 1926-1992, |e trl | |
| 830 | 0 | |a Ξένη πεζογραφία (Κέδρος) | |
| 852 | |a INST |b RHODES |e 19980521 |h 833.912 KAF |p 005400006342 |q 005400006342 |t BK |y 0 | ||
| 901 | |a BIBL-1998-2 | ||
| 922 | |a 4ΕΛΗ |b 199802 |c ΚΠΣ/Ν |d EMVASIS | ||